000 00320nam a22001337a 4500
020 _a9789350040409
082 _a005.43
_bGUP/WI
100 _aGupta, Vikas
245 _aWindows XP with office 2007
260 _aNew Delhi
_bDreanmtech Press
_c2010
300 _eCD
490 _aCOmdex computer course kit
942 _cBK
999 _c13685
_d13685